[Event "Skalica Masters 2020"]
[Site "Skalica"]
[Date "2020.08.26"]
[Round "5.5"]
[White "Druska, Juraj"]
[Black "Saric, Ivan"]
[Result "1/2-1/2"]
[WhiteElo "2515"]
[BlackElo "2646"]
[Annotator "TA"]
[PlyCount "122"]
[EventDate "2020.08.23"]
[EventType "tourn"]
[EventCountry "SVK"]
[SourceTitle "playchess.com"]
[Source "ChessBase"]
[SourceQuality "1"]

{[%evp 17,122,0,0,0,0,0,0,0,0,0,16,17,11,20,37,34,43,36,35,18,47,37,35,40,53,37,77,79,73,52,57,20,37,0,58,49,65,75,91,81,80,0,0,0,80,83,88,115,83,0,13,5,8,0,11,18,42,0,0,0,4,0,0,0,0,0,1301,0,0,0,793,693,12830,12830,12837,12837,12836,0,0,0,0,0,0,0,0,0,0,0,0,0,0,0,0,0,0,0,0,0,0,0,0,0,0,0,0,0,0]} 1. e4 c5 2. Nf3 d6 3. d4 cxd4 4. Qxd4 Nf6 5. Nc3 Nc6 6. Bb5 Bd7 7. Bxc6 Bxc6 8. Bg5 e6 9. O-O-O Be7 10. Bxf6 {B53: Sicilian: 2...d6: Lines with Qxd4.} Bxf6 11. Qxd6 Qxd6 12. Rxd6 Bxc3 13. bxc3 {[#]} Ke7 $146 ({Predecessor:} 13... Bxe4 14. Ne5 Rc8 15. c4 Bxg2 16. Rg1 Bc6 17. Rxg7 Ke7 18. Rd4 Kf6 19. Rxf7+ Kxe5 {½-½ (32) Paichadze,L (2568)-Navara,D (2739) Minsk 2017}) 14. Rd4 Rhc8 15. Rhd1 $36 {[%mdl 2048] Black is under pressure.} Be8 16. R1d3 Rc5 17. Nd2 Rac8 18. Kb2 a5 19. h3 Rb5+ 20. Kc1 g5 21. Rc4 Rbc5 22. Rxc5 Rxc5 $16 {[%mdl 4096] Endgame KRB-KRN} 23. Kb2 h5 24. Rd4 Bc6 25. Rd3 Re5 (25... Be8 $11) 26. f3 $14 h4 27. c4 f5 28. Kc3 $1 fxe4 29. Nxe4 (29. Re3 $16) 29... Bxe4 $16 {KRB-KR} 30. Re3 {[%mdl 64] [#] Pin} Kf6 (30... Bxf3 $1 $11 {[%mdl 512] remains equal.} 31. Rxe5 (31. Rxf3 Re2) 31... Kf6) 31. fxe4 {KR-KR} g4 32. Kd4 Rg5 33. g3 (33. a4 $16) 33... Rg7 {Hoping for ...Kg5.} 34. gxh4 {Threatens to win with hxg4.} g3 35. e5+ Ke7 36. Re1 $1 Rh7 37. Rg1 {And now Kc5 would win.} Rxh4+ {[%mdl 64] Double Attack} 38. Kc5 Rxh3 39. Kb6 Rh2 40. Rxg3 {Strongly threatening Rc3.} Rxc2 41. c5 Rb2+ $2 {[%mdl 8192]} (41... a4 $11) 42. Kc7 $2 ({White has to play} 42. Rb3 $1 $18 {[%cal Rb3b2]} Rxa2 43. Kc7) 42... Rc2 43. Kb6 $2 {[%mdl 8192]} (43. Rg7+ $11 Kf8 44. Rh7) 43... Rb2+ $18 44. Rb3 $1 {[%cal Rb3b2]} Rxa2 {[#]} 45. Kc7 $1 a4 46. Rxb7 a3 {[#]} 47. Kc6+ $2 (47. Ra7 $1 $18 {c6 is the strong threat.} Ke8 48. Kd6) 47... Kd8 $11 {The position is equal.} 48. Rb8+ Ke7 49. Rb7+ Kd8 50. Kd6 {[%cal Rb7b8]} Rd2+ 51. Kxe6 a2 52. Ra7 Kc8 53. c6 Kb8 54. Ra6 Kc7 55. Ke7 Re2 56. e6 Rf2 57. Ke8 Rf6 58. e7 Rf2 59. Ra3 Kxc6 60. Rc3+ Kb5 61. Rc1 Re2 {Accuracy: White = 84%, Black = 85%.} 1/2-1/2

[Event "Skalica Masters 2020"]
[Site "Skalica"]
[Date "2020.08.27"]
[Round "6.1"]
[White "Jablonicky, Martin"]
[Black "Saric, Ivan"]
[Result "0-1"]
[WhiteElo "2314"]
[BlackElo "2646"]
[Annotator "ChessBase"]
[PlyCount "92"]
[EventDate "2020.08.23"]
[EventType "tourn"]
[EventCountry "SVK"]
[SourceTitle "playchess.com"]
[Source "ChessBase"]
[SourceQuality "1"]
[TimeControl "40/5400+30:1800+30"]

1. Nf3 {[%emt 0:00:00]} d5 {[%emt 0:00:19]} 2. d4 {[%emt 0:00:00]} Nf6 {[%emt 0:00:06]} 3. c4 {[%emt 0:00:00]} e6 {[%emt 0:00:07]} 4. Nc3 {[%emt 0:00:00]} c6 {[%emt 0:00:06]} 5. e3 {[%emt 0:00:03]} Nbd7 {[%emt 0:00:05]} 6. Qc2 {[%emt 0:00:22]} Bd6 {[%emt 0:00:08]} 7. b3 {[%emt 0:00:16]} O-O {[%emt 0:00:08]} 8. Bb2 {[%emt 0:00:03]} e5 {[%emt 0:01:19]} 9. cxd5 {[%emt 0:00:44]} cxd5 {[%emt 0:00:19]} 10. dxe5 {[%emt 0:00:24]} Nxe5 {[%emt 0:00:08]} 11. Be2 {[%emt 0:01:29]} Re8 {[%emt 0:11:41]} 12. O-O {[%emt 0:01:26]} Bg4 {[%emt 0:01:55]} 13. Nxe5 {[%emt 0:04:46]} Bxe5 {[%emt 0:02:29]} 14. Bxg4 {[%emt 0:02:12]} Nxg4 {[%emt 0:20:01]} 15. h3 {[%emt 0:00:19]} Nf6 {[%emt 0:02:10]} 16. Ne2 {[%emt 0:01:19]} Rc8 {[%emt 0:00:05]} 17. Qb1 {[%emt 0:00:05]} Bb8 {[%emt 0:00:30]} 18. Bxf6 {[%emt 0:02:09]} Qxf6 {[%emt 0:00:05]} 19. Qd3 {[%emt 0:00:05]} Rcd8 {[%emt 0:04:53]} 20. Rac1 {[%emt 0:02:19]} h5 {[%emt 0:06:52]} 21. Rfd1 {[%emt 0:03:27]} Qe5 {[%emt 0:01:42]} 22. Kf1 {[%emt 0:10:37]} Qh2 {[%emt 0:04:55]} 23. Qf5 {[%emt 0:06:54]} Qh1+ {[%emt 0:01:39]} 24. Ng1 {[%emt 0:00:07]} Bh2 {[%emt 0:04:38]} 25. Ke2 {[%emt 0:02:29]} Qxg2 {[%emt 0:00:16]} 26. Nf3 {[%emt 0:01:01]} g6 {[%emt 0:03:28]} 27. Qg5 {[%emt 0:07:54]} Qxg5 {[%emt 0:00:10]} 28. Nxg5 {[%emt 0:00:04]} Be5 {[%emt 0:00:59]} 29. Nf3 {[%emt 0:00:14]} Bf6 {[%emt 0:00:26]} 30. Rc7 {[%emt 0:01:31]} d4 {[%emt 0:01:56]} 31. Rd3 {[%emt 0:02:46]} dxe3 {[%emt 0:00:51]} 32. Rxe3 {[%emt 0:01:08]} Rb8 {[%emt 0:05:04]} 33. h4 {[%emt 0:07:09]} Rec8 {[%emt 0:00:28]} 34. Rd7 {[%emt 0:00:05]} Rc2+ {[%emt 0:00:13]} 35. Kf1 {[%emt 0:00:05]} Rxa2 {[%emt 0:01:14]} 36. Ng5 {[%emt 0:00:05]} Ra1+ {[%emt 0:00:52]} 37. Kg2 {[%emt 0:00:14]} Bxg5 {[%emt 0:00:28]} 38. hxg5 {[%emt 0:00:08]} Ra5 {[%emt 0:00:04]} 39. f4 {[%emt 0:00:32]} Rf5 {[%emt 0:00:17]} 40. Kg3 {[%emt 0:00:25]} a5 {[%emt 0:00:30]} 41. Re5 {[%emt 0:35:59]} Rxe5 {[%emt 0:30:56]} 42. fxe5 {[%emt 0:00:05]} b5 {[%emt 0:03:45]} 43. Kf4 {[%emt 0:00:05]} a4 {[%emt 0:04:27]} 44. bxa4 {[%emt 0:00:04]} bxa4 {[%emt 0:00:03]} 45. e6 {[%emt 0:01:18]} Rb4+ {[%emt 0:01:53]} 46. Ke5 {[%emt 0:00:59]} Rb5+ {[%emt 0:00:07]} 0-1

[Event "Skalica Masters 2020"]
[Site "Skalica"]
[Date "2020.08.27"]
[Round "6.2"]
[White "Yankelevich, Lev"]
[Black "Druska, Juraj"]
[Result "0-1"]
[WhiteElo "2461"]
[BlackElo "2515"]
[Annotator "ChessBase"]
[PlyCount "90"]
[EventDate "2020.08.23"]
[EventType "tourn"]
[EventCountry "SVK"]
[SourceTitle "playchess.com"]
[Source "ChessBase"]
[SourceQuality "1"]
[TimeControl "40/5400+30:1800+30"]

1. d4 {[%emt 0:00:00]} d5 {[%emt 0:02:17]} 2. c4 {[%emt 0:00:00]} e6 {[%emt 0:00:06]} 3. Nf3 {[%emt 0:00:07]} Nf6 {[%emt 0:00:22]} 4. Nc3 {[%emt 0:00:11]} c5 {[%emt 0:01:24]} 5. cxd5 {[%emt 0:00:14]} Nxd5 {[%emt 0:00:06]} 6. e4 {[%emt 0:00:03]} Nxc3 {[%emt 0:00:06]} 7. bxc3 {[%emt 0:00:03]} cxd4 {[%emt 0:00:07]} 8. cxd4 {[%emt 0:00:02]} Bb4+ {[%emt 0:00:07]} 9. Bd2 {[%emt 0:00:04]} Bxd2+ {[%emt 0:00:05]} 10. Qxd2 {[%emt 0:00:01]} O-O {[%emt 0:00:10]} 11. Bc4 {[%emt 0:00:03]} Nd7 {[%emt 0:00:27]} 12. O-O {[%emt 0:00:05]} b6 {[%emt 0:00:03]} 13. Rad1 {[%emt 0:00:07]} Bb7 {[%emt 0:00:27]} 14. Rfe1 {[%emt 0:00:03]} Rc8 {[%emt 0:00:10]} 15. Bb3 {[%emt 0:00:03]} Re8 {[%emt 0:03:00]} 16. h3 {[%emt 0:02:43]} h6 {[%emt 0:25:34]} 17. Re3 {[%emt 0:02:29]} Qc7 {[%emt 0:13:03]} 18. e5 {[%emt 0:23:40]} Red8 {[%emt 0:00:36]} 19. d5 {[%emt 0:00:45]} Bxd5 {[%emt 0:01:42]} 20. Bxd5 {[%emt 0:00:08]} Nc5 {[%emt 0:01:19]} 21. Qe2 {[%emt 0:02:00]} Rxd5 {[%emt 0:00:58]} 22. Rxd5 {[%emt 0:00:05]} exd5 {[%emt 0:00:04]} 23. Qd1 {[%emt 0:06:19]} Rd8 {[%emt 0:04:04]} 24. Nd4 {[%emt 0:01:46]} Ne6 {[%emt 0:08:43]} 25. Rd3 {[%emt 0:06:14]} Nxd4 {[%emt 0:01:00]} 26. Rxd4 {[%emt 0:00:02]} Qxe5 {[%emt 0:00:09]} 27. a4 {[%emt 0:00:07]} Rd6 {[%emt 0:03:28]} 28. g3 {[%emt 0:00:21]} g6 {[%emt 0:02:18]} 29. h4 {[%emt 0:00:30]} h5 {[%emt 0:04:55]} 30. Qd2 {[%emt 0:01:05]} Kg7 {[%emt 0:07:58]} 31. Qd1 {[%emt 0:01:36]} Qe8 {[%emt 0:03:19]} 32. Kg2 {[%emt 0:00:38]} Kg8 {[%emt 0:05:56]} 33. Qd3 {[%emt 0:00:22]} Qc6 {[%emt 0:01:26]} 34. Qb3 {[%emt 0:00:47]} Qc5 {[%emt 0:02:35]} 35. Qd3 {[%emt 0:02:27]} Rf6 {[%emt 0:00:11]} 36. Qd2 {[%emt 0:00:20]} Qc6 {[%emt 0:00:35]} 37. Qa2 {[%emt 0:02:04]} Rd6 {[%emt 0:02:01]} 38. Qd2 {[%emt 0:00:27]} Re6 {[%emt 0:01:01]} 39. Kh2 {[%emt 0:00:17]} Re5 {[%emt 0:03:32]} 40. a5 {[%emt 0:06:08]} Qe6 {[%emt 0:03:28]} 41. axb6 {[%emt 0:30:12]} axb6 {[%emt 0:03:03]} 42. Kg2 {[%emt 0:00:00]} Re1 {[%emt 0:01:16]} 43. Qg5 {[%emt 0:00:00]} Qe2 {[%emt 0:05:08]} 44. Qxd5 {[%emt 0:00:00]} Qf1+ {[%emt 0:00:11]} 45. Kf3 {[%emt 0:00:00]} Re2 {[%emt 0:00:37]} 0-1

[Event "Skalica Masters 2020"]
[Site "Skalica"]
[Date "2020.08.27"]
[Round "6.3"]
[White "Sahidi, Samir"]
[Black "Donchenko, Alexander"]
[Result "0-1"]
[WhiteElo "2400"]
[BlackElo "2657"]
[Annotator "TA"]
[PlyCount "162"]
[EventDate "2020.08.23"]
[EventType "tourn"]
[EventCountry "SVK"]
[SourceTitle "playchess.com"]
[Source "ChessBase"]
[SourceQuality "1"]

{[%evp 12,162,16,18,46,-22,-10,-13,-12,-15,-6,-27,0,0,0,0,9,0,0,0,0,0,0,0,0,0,0,0,0,0,0,0,5,4,8,7,26,28,60,22,43,48,45,43,51,0,0,0,0,0,0,0,23,17,34,12,12,12,12,12,8,0,0,0,0,0,22,0,0,0,0,-8,-8,-8,-8,-8,-8,-12,-12,-13,-8,-62,-52,-221,-214,-195,-133,-560,-560,-533,-532,-649,-492,-470,-402,-470,-470,-584,-441,-657,-632,-913,-633,-584,-140,-140,-140,-1712,-1568,-1309,-316,-5724,-5272,-29960,-29961,-29966,-29967,-29967,-29968,-29971,-29971,-29971,-29970,-29970,-29971,-29974,-29975,-29975,-614,-614,-124,-600,0,0,0,0,0,0,0,-29975,-29976,-29976,-29977,-29977,-29978,-29978,-29979,-29979,-29980,-29980,-29981,-29981,-29982]} 1. d4 Nf6 2. Nf3 b6 3. g3 Bb7 4. Bg2 g6 5. O-O Bg7 6. c4 O-O 7. Qc2 c5 {A50: Queen's Fianchetto Defence (1 d4 Nf6 2 c4 b6).} 8. Nc3 ({Better is} 8. d5 $14) 8... cxd4 $11 9. Nxd4 Bxg2 {The position is equal.} 10. Kxg2 Qc8 11. b3 {[#]} d5 $146 {[%mdl 64] Decoy} ({Predecessor:} 11... d6 12. Bb2 Nbd7 13. Nf3 Qb7 14. Kg1 Rac8 15. a4 Rc5 16. Rad1 Rfc8 17. Ne1 Rh5 {½-½ (25) Schorl,N (1702)-Mantler,H (1905) Suedwestfalen 2002}) 12. cxd5 Qc5 13. Rd1 {Threatening e4.} Nxd5 14. Nxd5 Qxd5+ 15. Nf3 Qc6 16. Qxc6 Nxc6 17. Rb1 Nb4 18. a3 Nc2 19. a4 Rfd8 20. Bf4 Kf8 21. Be5 f6 22. Bb2 Bh6 23. h4 e5 24. g4 Bf4 25. e3 (25. Rxd8+ {looks sharper.} Rxd8 26. g5 fxg5 27. Nxg5 Bxg5 28. hxg5 Nd4 29. Rd1) 25... Bxe3 26. Rxd8+ Rxd8 27. fxe3 Nxe3+ 28. Kf2 (28. Kg3 $14) 28... Nxg4+ 29. Ke2 Rc8 30. Nd2 Ke7 31. Nc4 Rd8 32. Rg1 h5 33. Ne3 (33. Rc1 {is interesting.} Ke6 34. Na3 e4 35. Nb5 Rd3 36. Rc6+) 33... Nxe3 34. Kxe3 {[%mdl 4096] Endgame KRB-KR} Kf7 35. Rc1 Ke6 36. Rg1 Rc8 37. Rg2 Rc6 38. Ke4 Rd6 39. Bc3 Rd1 40. Rxg6 Rh1 41. Rg7 Rh3 {[%csl Ge6][%cal Rf6f5]} 42. Bxe5 $1 fxe5 {KR-KR} 43. Rg6+ Kf7 44. Rc6 Rxh4+ 45. Kxe5 Rb4 46. Kf5 ({White should try} 46. Rc7+ $1 $11 Kg6 47. Rxa7) 46... a5 47. Rc3 $2 (47. Rc7+ $1 $15 Ke8 48. Ke6) 47... Ke7 $19 48. Ke5 {[#]} Kd7 (48... h4 $1 $19 49. Rc7+ Ke8) 49. Rf3 $2 {[%mdl 8192] [#]} (49. Rd3+ $17 Kc7 50. Rc3+ Kb7 51. Rh3) 49... h4 $1 50. Kd5 Ke7 51. Ke5 Rg4 52. Rh3 Kd7 53. Kf5 Rb4 54. Rd3+ Kc6 55. Ke5 (55. Rc3+ $142 Kd5 56. Kg5) 55... b5 56. axb5+ Rxb5+ 57. Ke4 Rh5 $2 (57... Rb8 $19 58. Ke5 Re8+ 59. Kf6 Kc5) 58. Rh3 $17 Kc5 59. Rc3+ $2 {[%mdl 8192]} (59. Kd3 $17) 59... Kb4 $19 60. Rh3 Ka3 $2 (60... Rc5 {Strongly threatening ...Rc3!} 61. Kd4 Rc1 62. Rxh4 a4 63. Ke3+ Kxb3) 61. Kf3 $2 (61. Kd4 Kb4 62. Ke3) 61... Re5 62. Rxh4 Kxb3 63. Kf4 Re1 64. Rh3+ Kb4 65. Rh8 a4 66. Rb8+ Ka3 67. Kf3 Ka2 68. Ra8 a3 69. Kf2 Re6 (69... Rb1 $142 70. Ke3 Rb3+ 71. Kd4 Kb2 72. Rh8 a2 73. Rh2+ Ka3 74. Rxa2+ Kxa2 75. Kc4 Rb6 76. Kc5 Rh6 77. Kc4 Rh5 78. Kb4 Kb2 79. Kc4 Kc2 80. Kd4 Kd2 81. Ke4 Kc3 82. Kf4 Kd3 83. Kg4 Re5 84. Kf4 Rd5 85. Kg3 Rd4 86. Kf2 Rf4+ 87. Kg1 Ke3 88. Kg2 Rg4+ 89. Kh3 Kf3 90. Kh2 Rh4+ 91. Kg1 Rh7 92. Kf1 Rh1#) 70. Rb8 Ka1 $2 (70... Re5 $19 {has better winning chances.} 71. Kg3 Re3+ 72. Kh4 Rb3) 71. Rb7 $2 {[%mdl 8192]} (71. Rb3 $17) 71... a2 $2 (71... Re8 $19 72. Rb6 a2) 72. Rb8 $1 $11 Rc6 73. Ke2 Rc1 {And now ...Rb1 would win.} 74. Kd3 Rb1 (74... Rf1 $5 75. Kc2 $8 Rh1 $11) 75. Ra8 $2 {[%mdl 8192]} (75. Rc8 $11) 75... Kb2 {Black mates.} 76. Rb8+ Kc1 77. Rc8+ Kd1 78. Rh8 Rb3+ 79. Kc4 {[#]} Rc3+ $1 {[%mdl 512]} 80. Kd4 (80. Kxc3 a1=Q+) 80... Ra3 81. Rh1+ Kc2 {Accuracy: White = 66%, Black = 78%.} 0-1

[Event "Skalica Masters 2020"]
[Site "Skalica"]
[Date "2020.08.27"]
[Round "6.4"]
[White "Gazik, Viktor"]
[Black "Berkes, Ferenc"]
[Result "0-1"]
[WhiteElo "2502"]
[BlackElo "2661"]
[Annotator "TA"]
[PlyCount "65"]
[EventDate "2020.08.23"]
[EventType "tourn"]
[EventCountry "SVK"]
[SourceTitle "playchess.com"]
[Source "ChessBase"]
[SourceQuality "1"]

{[%evp 9,65,-12,-12,0,-14,-14,-5,-9,-6,-25,0,-12,32,35,43,53,39,40,56,70,66,29,35,40,28,13,20,15,32,-74,0,0,0,0,-1,-13,-22,-108,-155,-435,-469,-470,-463,-465,-470,-463,-461,-1239,-1239,-1217,-1194,-1129,-1102,-29990,-29991,-29991,-29992,-29999]} 1. e4 c6 2. Nc3 d5 3. Nf3 Bg4 4. h3 Bxf3 5. gxf3 d4 6. Ne2 {B11: Caro-Kann: Two Knights Variation.} e6 {[#]} 7. f4 $146 ({Predecessor:} 7. d3 e5 8. f4 Nd7 9. f5 Qa5+ 10. Bd2 Qb6 11. Rb1 O-O-O 12. c4 f6 13. b4 {1-0 (24) Hilton,S (1835)-Gomes,J (2000) SEMI email 2002}) 7... Ne7 8. Ng3 {The position is equal.} Nd7 9. h4 Qc7 10. Qf3 e5 11. d3 Ng6 {[%cal Rg6f4]} 12. fxe5 Ngxe5 13. Qe2 Bb4+ 14. Kd1 c5 15. f4 Nc6 $1 16. e5 O-O-O 17. Ne4 Kb8 18. Rg1 g6 19. Bh3 {[#]} (19. a3 $14 Ba5 20. Bh3) 19... Nb6 (19... c4 $1 $17) 20. a3 $11 Ba5 21. Nxc5 Nd5 22. Ne4 Rhe8 {And now ...f5 would win.} 23. Qf3 {[#]} (23. Bg2 $1 $11) 23... f5 $1 $17 {[%cal Rf5e4]} 24. Nd6 $2 {Now White is beyond hope.} (24. exf6 Ne3+ 25. Ke2 (25. Bxe3 dxe3 26. Rg2 Nd4 $17) 25... Nxc2 $17) (24. Nf6 $17 Nxf6 25. exf6) 24... Rxd6 $1 $19 25. exd6 Qxd6 {White must now prevent ...Ne3+.} 26. Bg2 Ne3+ 27. Bxe3 dxe3 28. b4 {[#]} (28. Kc1 $142 e2 29. Kb1) 28... Bxb4 $1 {[%mdl 512]} 29. axb4 Qxb4 {[%csl Ge3][%cal Rb4d2]} 30. Qe2 Nd4 31. Qe1 {[#]} Qb2 $1 {[%cal Rb2a1][%mdl 576] Double Attack} 32. Rc1 e2+ 33. Kd2 {Accuracy: White = 56%, Black = 87%.} 0-1

[Event "Skalica Masters 2020"]
[Site "Skalica"]
[Date "2020.08.27"]
[Round "6.5"]
[White "Schwarz, Dusan"]
[Black "Blohberger, Felix"]
[Result "0-1"]
[WhiteElo "2297"]
[BlackElo "2467"]
[Annotator "TA"]
[PlyCount "118"]
[EventDate "2020.08.23"]
[EventType "tourn"]
[EventCountry "SVK"]
[SourceTitle "playchess.com"]
[Source "ChessBase"]
[SourceQuality "1"]

{[%evp 12,118,19,27,12,12,12,0,4,0,0,0,0,0,0,0,0,-37,-42,-45,-10,-54,-56,-72,-66,-80,-76,-73,-76,-120,-117,-120,-40,-40,-40,-42,-42,-43,-43,-43,-43,-63,0,0,0,0,0,-249,-223,-210,-159,-165,-139,-306,-143,-154,-154,-356,-366,-462,-412,-722,-676,-670,-685,-683,-678,-684,0,-656,0,-649,-502,-468,-416,-412,-400,-615,-584,-529,-572,-554,-548,-511,-482,-689,-662,-648,-643,-618,-575,-1733,-1535,-2392,-2269,-6589,-6203,-29971,-29972,-29979,-29980,-29981,-29982,-29982,-29983,-29983,-29984,-29984,-29985]} 1. d4 Nf6 2. c4 e6 3. Nf3 d5 4. Nc3 Bb4 5. cxd5 exd5 6. Bg5 h6 7. Bh4 Bf5 {D38: Queen's Gambit Declined: Ragozin Defence (4 Nf3 Bb4).} 8. e3 Nbd7 9. Qb3 Ba5 {The position is equal.} 10. Be2 c6 11. O-O ({Much weaker is} 11. Qxb7 Rb8 $17) 11... Qb6 12. Nd2 O-O 13. Bg3 Rfe8 {[#]} 14. Qxb6 $146 ({Predecessor:} 14. Rfd1 Bb4 15. Na4 Qa5 16. Nc3 c5 17. a3 Bxc3 18. Qxc3 Qxc3 19. bxc3 c4 20. a4 {0-1 (50) Gharibyan,M (2433)-Sargsyan,S (2594) Jermuk 2020}) 14... axb6 15. Rfc1 b5 16. Bd1 Nb6 17. Bc7 Bxc3 18. Rxc3 Nc4 19. Nxc4 dxc4 20. Bf3 Be4 21. Be5 Nd5 (21... Bxf3 $17 22. gxf3 Nd5) 22. Bxe4 $15 {Hoping for Rcc1.} Nxc3 23. bxc3 f6 $36 {[%mdl 2048] Black has some pressure.} 24. Bg6 fxe5 25. Bxe8 Rxe8 26. dxe5 {[%mdl 4096] Endgame KR-KR} Rd8 (26... Rxe5 $15 27. a4 bxa4 28. Rxa4 Rd5) 27. g4 $11 Kf7 28. Kg2 Rd3 29. Kf3 $2 (29. a4 $1 $11 {and White has nothing to worry.}) 29... Rxc3 $19 30. Ke4 Rc2 31. f4 Rxh2 32. f5 $2 (32. a3 $17) 32... Ke7 (32... Rd2 $19 {has better winning chances.} 33. e6+ Kf6) 33. e6 {[#]} c3 $1 {Threatens to win with ...Rd2.} 34. Kd3 $2 (34. Rc1 $17 {was forced.} b4 35. a3) 34... b4 35. e4 Rd2+ 36. Ke3 (36. Kc4 $142 c5 37. e5) 36... c5 37. e5 Rd5 38. Ke4 Rd4+ 39. Ke3 Rd5 40. Ke4 $1 {[%cal Re4d5]} Rd4+ 41. Ke3 b6 42. Rf1 {intending f6+.} c2 {And now ...Rd1 would win.} 43. Rc1 {[#]} Rc4 $1 44. Kf3 (44. Kd3 $142 Rxg4 45. Rxc2) 44... Rc3+ 45. Ke2 {[#]} g6 $1 {[%mdl 512]} 46. fxg6 {g7 is the strong threat.} Kxe6 47. Kd2 Rc4 48. Rh1 {[#]} (48. g7 $142 Rxg4 49. Kxc2) 48... c1=Q+ $1 {[%mdl 512]} 49. Rxc1 Rxg4 50. Rh1 Rxg6 51. Rh5 Rg2+ 52. Kd3 Rxa2 53. Rxh6+ Kxe5 54. Rxb6 Kd5 {Black mates.} 55. Rb5 Ra3+ 56. Kc2 Kc4 57. Rb8 Ra2+ 58. Kb1 Kb3 59. Rc8 Rh2 {Accuracy: White = 52%, Black = 79%.} 0-1

[Event "Skalica Masters 2020"]
[Site "Skalica"]
[Date "2020.08.28"]
[Round "7.1"]
[White "Blohberger, Felix"]
[Black "Jablonicky, Martin"]
[Result "1/2-1/2"]
[WhiteElo "2467"]
[BlackElo "2314"]
[Annotator "ChessBase"]
[PlyCount "74"]
[EventDate "2020.08.23"]
[EventType "tourn"]
[EventCountry "SVK"]
[SourceTitle "playchess.com"]
[Source "ChessBase"]
[SourceQuality "1"]
[TimeControl "40/5400+30:1800+30"]

1. e4 {[%emt 0:00:00]} c5 {[%emt 0:13:12]} 2. Nf3 {[%emt 0:00:00]} Nf6 {[%emt 0:01:41]} 3. Nc3 {[%emt 0:06:02]} d5 {[%emt 0:05:36]} 4. exd5 {[%emt 0:00:13]} Nxd5 {[%emt 0:01:18]} 5. Bb5+ {[%emt 0:02:04]} Bd7 {[%emt 0:01:20]} 6. a4 {[%emt 0:00:18]} Nxc3 {[%emt 0:04:05]} 7. dxc3 {[%emt 0:02:08]} Nc6 {[%emt 0:00:08]} 8. Bf4 {[%emt 0:01:37]} e6 {[%emt 0:00:47]} 9. Qe2 {[%emt 0:02:07]} a6 {[%emt 0:03:53]} 10. Bxc6 {[%emt 0:16:18]} Bxc6 {[%emt 0:00:06]} 11. Ne5 {[%emt 0:09:02]} Be7 {[%emt 0:09:03]} 12. Rd1 {[%emt 0:12:36]} Qb6 {[%emt 0:04:51]} 13. Nc4 {[%emt 0:01:10]} Qa7 {[%emt 0:00:21]} 14. Nd6+ {[%emt 0:01:23]} Bxd6 {[%emt 0:00:06]} 15. Bxd6 {[%emt 0:00:06]} Qb6 {[%emt 0:05:13]} 16. O-O {[%emt 0:03:58]} O-O-O {[%emt 0:00:26]} 17. Bg3 {[%emt 0:01:07]} Rxd1 {[%emt 0:00:55]} 18. Qxd1 {[%emt 0:03:36]} Qd8 {[%emt 0:00:13]} 19. Qg4 {[%emt 0:03:46]} Qd5 {[%emt 0:00:05]} 20. f3 {[%emt 0:00:37]} g5 {[%emt 0:00:15]} 21. c4 {[%emt 0:04:04]} Qf5 {[%emt 0:06:26]} 22. Qxf5 {[%emt 0:08:46]} exf5 {[%emt 0:00:57]} 23. a5 {[%emt 0:00:27]} Rd8 {[%emt 0:00:21]} 24. Be1 {[%emt 0:04:49]} Rd1 {[%emt 0:02:40]} 25. Bc3 {[%emt 0:00:54]} Rxf1+ {[%emt 0:00:07]} 26. Kxf1 {[%emt 0:00:05]} g4 {[%emt 0:01:40]} 27. Kf2 {[%emt 0:00:08]} gxf3 {[%emt 0:05:42]} 28. gxf3 {[%emt 0:00:11]} Bd7 {[%emt 0:01:02]} 29. Kg3 {[%emt 0:04:00]} Kc7 {[%emt 0:00:12]} 30. Be5+ {[%emt 0:04:38]} Kc6 {[%emt 0:00:07]} 31. Kf4 {[%emt 0:00:17]} b6 {[%emt 0:00:21]} 32. axb6 {[%emt 0:01:26]} Kxb6 {[%emt 0:00:20]} 33. Kg5 {[%emt 0:01:19]} f4 {[%emt 0:00:16]} 34. Bxf4 {[%emt 0:00:43]} Ba4 {[%emt 0:01:01]} 35. b3 {[%emt 0:01:05]} Bc6 {[%emt 0:00:08]} 36. Kg4 {[%emt 0:04:10]} Bd7+ {[%emt 0:00:05]} 37. Kg5 {[%emt 0:00:20]} Bc6 {[%emt 0:00:04]} 1/2-1/2

[Event "Skalica Masters 2020"]
[Site "Skalica"]
[Date "2020.08.28"]
[Round "7.2"]
[White "Berkes, Ferenc"]
[Black "Schwarz, Dusan"]
[Result "1-0"]
[WhiteElo "2661"]
[BlackElo "2297"]
[Annotator "TA"]
[PlyCount "95"]
[EventDate "2020.08.23"]
[EventType "tourn"]
[EventCountry "SVK"]
[SourceTitle "playchess.com"]
[Source "ChessBase"]
[SourceQuality "1"]

{[%evp 9,95,55,67,22,46,40,67,58,63,59,89,96,90,88,95,87,93,70,80,76,86,74,94,74,74,74,86,77,93,71,74,74,77,70,100,100,94,94,100,98,114,101,100,104,120,117,122,101,122,89,111,131,170,172,168,94,262,276,275,259,254,255,287,287,512,560,552,556,548,553,539,529,669,645,758,735,1117,1086,1475,1456,29979,29980,10158,7126,6249,9496,29984,12314]} 1. d4 f5 2. Nc3 d5 3. Bf4 a6 4. e3 e6 5. g4 Nf6 {[#]} 6. gxf5 $146 {A80: Dutch Defence: Unusual White second moves.} (6. g5 $5 {[%cal Rg5f6]} Ne4 7. Nxe4 fxe4 8. f3 $11) ({Predecessor:} 6. g5 Ne4 7. Nxe4 fxe4 8. f3 Be7 9. h4 O-O 10. fxe4 c5 11. Ne2 cxd4 12. Nxd4 {1-0 (39) Tonisson,P (2400)-Sabaev,S (2403) ICCF email 2016}) 6... exf5 7. Bd3 Bd6 8. Qf3 {White is slightly better.} Bxf4 9. Qxf4 Qd6 10. Qxd6 cxd6 11. Nge2 Be6 12. Nf4 Kf7 13. Nce2 g6 14. h4 Nc6 15. a3 Ne7 16. O-O-O Bd7 17. Rdg1 Rhg8 18. Rg2 h6 19. Kd2 Rg7 20. f3 Rag8 21. b3 g5 22. hxg5 hxg5 23. Nh5 Nxh5 24. Rxh5 Kf6 25. Rh6+ Rg6 26. Rh1 R6g7 27. Rgh2 Be8 28. a4 {[%cal Ba3a4,Ba4a5][%mdl 32]} Bg6 29. a5 Nc6 30. Rh6 Kf7 31. Ng3 Ne7 32. b4 (32. c4 $1 $18) 32... f4 $2 {Black cannot hold the game after this.} (32... Ke8 $16) 33. exf4 $1 $18 gxf4 34. Nh5 Bxh5 35. R1xh5 ({Weaker is} 35. R6xh5 Ke8 $16) 35... Rg2+ {[#]} 36. Kc3 $1 Rf2 $2 (36... Rd8 {is a better defense.} 37. Rh4 Rg7 38. Rxf4+ Ke8) 37. Rxd6 Rxf3 38. Rh7+ Rg7 39. Rxg7+ Kxg7 {[%mdl 4096] Endgame KRB-KRN} 40. Rb6 Re3 41. Rxb7 Kf6 42. Rb6+ Kg5 43. Rxa6 f3 44. Kd2 Nf5 {[#]} 45. Rg6+ $1 {[%mdl 512]} Kh4 (45... Kxg6 46. Bxf5+) 46. Bxf5 Re2+ 47. Kd1 Rg2 48. Ke1 {Accuracy: White = 90%, Black = 57%.} (48. a6 $142 f2 49. Ke2 Rg1 50. Kxf2 Ra1 51. b5 Kh5 52. b6 Rxa6 {[#]} 53. b7 $1 {[%mdl 512]}) 1-0